01180nam a2200193Ia 4500001001000000003001000010008004100020040002500061041001300086100002600099245003800125250001100163260009300174300002800267500027400295501011400569520027400683650002900957L232-7028IT-CnALBA170116s9999||||xx |||||||||||||| ||und|| aIT-CnALBAcIT-CnALBA aITALIANO aMACCHI GUIDO, DIACONO 0aMEMENTO MEI. DIARIO EUCARISTICO.  a1a ed. aMILANO. BA. BOLOGNAbSALESIANA. SC. TIP. c1906 [1° Ed.:1906 - Ed.Ling.Originale: 1906] a148 p. (prefazione: 56) aOPERA POSTUMA. CENNI BIOGRAFICI. DESIDERIO DI AMICIZIA. DONO DI DIO. SLANCIO VERSO GESÙ. FEDE IN GESÙ. GESÙ PADRONE DEL CUORE. OFFERTA. OBBEDIENZA DI GESÙ NEL SACRAMENTO. POVERTÀ BONTÀ DI GESÙ. EFFUSIONI. PRESEPIO. OLIVETO. CALVARIO. RISURREZIONE. TRISTEZ aSocietà San Paolo EM - Piazza San Paolo, 14 - 12051 ALBA (CN) (non commercial uses only) ® Copyright 2017 aOPERA POSTUMA. CENNI BIOGRAFICI. DESIDERIO DI AMICIZIA. DONO DI DIO. SLANCIO VERSO GESÙ. FEDE IN GESÙ. GESÙ PADRONE DEL CUORE. OFFERTA. OBBEDIENZA DI GESÙ NEL SACRAMENTO. POVERTÀ BONTÀ DI GESÙ. EFFUSIONI. PRESEPIO. OLIVETO. CALVARIO. RISURREZIONE. TRISTEZ aVITA E MISTERO DI CRISTO